Desarrollo de una suite de herramientas para la gestión, el control y optimización de procesos productivos enfocados en las pequeñas y medianas empresas

El presente proyecto, pretende brindar las principales herramientas para la gestión, control y planificación de los procesos dedicados a la transformación de materia prima en producto terminado, implementando algoritmos, métodos y modelos matemáticos y estadísticos.

Bibliographic Details
Main Author: Román Espinoza, Jimmy
Other Authors: Tutor: Díaz Chow, José Leónidas
Format: Tesis Section = Libro
Language:Undetermined
Spanish
Published: Managua, Nicaragua UNI 2018
Subjects:
LEADER 01190nam a2200265Ia 4500
008 240830s9999 xx 000 0 und d
040 |a BIBLIOTECA-RUSB/ Mon 005.74 E77 
041 |a spa 
082 |a Mon 005.74 E77 
100 1 |a Román Espinoza, Jimmy 
245 1 0 |a Desarrollo de una suite de herramientas para la gestión, el control y optimización de procesos productivos enfocados en las pequeñas y medianas empresas 
260 |a Managua, Nicaragua  |b UNI  |c 2018 
300 |a 165 p. :il. 
500 |a Contiene: CD. 
502 |a Tesis (Ingeniero en Computación) - UNI, 2018. 
520 3 |a El presente proyecto, pretende brindar las principales herramientas para la gestión, control y planificación de los procesos dedicados a la transformación de materia prima en producto terminado, implementando algoritmos, métodos y modelos matemáticos y estadísticos. 
650 7 |a DESARROLLO DE SOFTWARE 
650 7 |b  HERRAMIENTAS INFORMÁTICAS 
650 7 |c  BASES DE DATOS 
650 7 |d  PLANIFICACIÓN Y CONTROL DE OPERACIONES 
650 7 |e  PYMES - INVENTARIOS 
700 1 |a Tutor:  |b Díaz Chow, José Leónidas 
942 |c BK  |2 ddc 
991 |a TESIS 
999 |c 19775